000 00648cam a22002171 4500
001 agr43000206
003 DLC
005 20260227111001.0
008 770912s1943 iluae 000 0 eng c
010 _aagr43000206
035 _a(OCoLC)3258364
040 _aU.S. Dept. of Agr. Library
_cOC
_dOCoLC
_dDLC
042 _apremarc
050 0 0 _aSF375
_b.E83
082 _a636.385
100 1 _aEwing, Perry Van,
_d1889-
245 0 0 _aKarakul sheep,
_bthe producers of Persian lambskins,
_cby P. V. Ewing ...
260 _a[Chicago,
_bBreeder Publications]
_cc1943.
300 _a127, [1] p.
_billus. (incl. plans)
_c20 cm.
650 0 _aKarakul sheep.
999 _c10256
_d10256